00309nam a22001097a 4500003000400000245004900004260001400053300001300067942001200080952009000092999001700182SGT aInternational Journal of Pediatric Dentistry c2010-2011 a465; 475 2ddccBV 00102ddc4071aFDbFDd2024-11-20iSGTUpPD228r2024-11-20 00:00:00w2024-11-20yBV c27490d27490